Focus (Record no. 74771)
[ view plain ]
| 000 -LEADER | |
|---|---|
| fixed length control field | 00839cab a2200181 4500 |
| 001 - CONTROL NUMBER | |
| control field | ##ABS68646 |
| 008 - FIXED-LENGTH DATA ELEMENTS--GENERAL INFORMATION | |
| fixed length control field | 050127n2005 000 0 eng u |
| 035 ## - SYSTEM CONTROL NUMBER | |
| System control number | (Sirsi) u128643 |
| 100 1# - MAIN ENTRY--PERSONAL NAME | |
| Personal name | Norwood, G. |
| 245 00 - TITLE STATEMENT | |
| Title | Focus |
| Remainder of title | personal finance |
| 260 ## - PUBLICATION, DISTRIBUTION, ETC. | |
| Date of publication, distribution, etc. | 2005 |
| 490 #0 - SERIES STATEMENT | |
| Series statement | Estates Gazette |
| Volume/sequential designation | (0501) 8 January 2005, 39-45(7) |
| 520 ## - SUMMARY, ETC. | |
| Summary, etc. | Three articles looking at the options open to private investors. The first, "The best ways to invest in property", examines alternatives to the traditional buy-to-let market while "Timing isn't quite REIT" looks at whether the time is right to invest in REITs. The final article investigates the state of the buy-to-let market and reports on the short and long term prospects. |
| 590 ## - LOCAL NOTE (RLIN) | |
| Local note | ABS |
| 651 #4 - SUBJECT ADDED ENTRY--GEOGRAPHIC NAME | |
| Geographic name | United Kingdom |
| Chronological subdivision | |
| 690 ## - LOCAL SUBJECT ADDED ENTRY--TOPICAL TERM (OCLC, RLIN) | |
| Topical term or geographic name as entry element | PROPERTY-PROPERTY FINANACE AND INVESTMENT |
| 942 ## - ADDED ENTRY ELEMENTS (KOHA) | |
| Suppress in OPAC | 0 |
| Withdrawn status | Lost status | Source of classification or shelving scheme | Damaged status | Not for loan | Home library | Current library | Shelving location | Date acquired | Total Checkouts | Full call number | Barcode | Date last seen | Copy number | Price effective from | Koha item type |
|---|---|---|---|---|---|---|---|---|---|---|---|---|---|---|---|
| Dewey Decimal Classification | London | London | Journal article | 27/01/2005 | ABS68646 | 128643-1001 | 06/08/2019 | 1 | 06/08/2019 | Journal article |